| 000 | 01104cab a22002175a 4500 | ||
|---|---|---|---|
| 001 | L156147 | ||
| 008 | 120501e2012 xxk 000 0 eng d | ||
| 035 | _a(Sirsi) u156147 | ||
| 041 | 0 | _aeng | |
| 100 | 1 | _aRussell, Henry | |
| 245 | 0 | 0 |
_aCPD Module 3 _bheritage and 2012 planning reforms |
| 260 | _c2012 | ||
| 490 | 0 |
_aProperty Week _v78(17) 27 April 2012, 84-86(3) |
|
| 520 | _aThird in a series of CPD modules designed by the College of Estate Management (see L155503, L155464 for first two modules) covers the 2012 planning reforms and the heritage lobby. Describes the background to the planning reform agenda, the policies involved, and the National Planning Policy Framework 2012 (NPPF) (see L155661). Examines what the NPPF means for the countryside, and for historic buildings. Discusses historic buildings and the Localism Act 2011 (see L154405). Questions to be answered to pass the module. | ||
| 590 | _aKA | ||
| 650 | 2 | 4 | _aNATIONAL PLANNING POLICY FRAMEWORK 2012 |
| 650 | 2 | 4 | _aLOCALISM ACT 2011 |
| 651 | 4 | _aUnited Kingdom | |
| 690 |
_aPlanning and development _96259 |
||
| 942 | _n0 | ||
| 999 |
_c83957 _d83957 |
||